MARC

LEADER 00000nas a2200000 i 4500
001 ssj0002046681
003 WaSeSS
005 20200512172242.0
006 m d
007 cr n
008 170710c20149999io fr p s f0 0ind c
010 |a  2018252507 
022 |a 2355-3987  |l 2355-3987 
035 |a (WaSeSS)ssj0002046681 
040 |a VT2  |b eng  |c VT2  |d OCLCF  |d CUS  |d WAU  |d DKU  |d OCL  |d VT2  |d WaSeSS 
041 |a ind  |b eng  |b ind 
042 |a pcc 
050 1 4 |a QP141.A1 
210 1 |a IJHN : Indones. J. Hum. Nutr.  |b (Online) 
222 0 |a IJHN : Indonesian journal of human nutrition  |b (Online) 
245 0 0 |a Indonesian journal of human nutrition  |h [electronic resource] :  |b IJHN 
246 1 |a IJHN 
260 |a Malang, Indonesia :  |b Jurusan Gizi, Fakultas Kedokteran, Universitas Brawijaya Malang dan bekerjasama dengan Persatuan Ahli Gizi Indonesia (PERSAGI),  |c 2014- 
310 |a Twice a year 
362 1 |a Began with: Vol. 1, no. 1 (Juni 2014). 
506 |a License restrictions may limit access. 
546 |a In Indonesian; abstracts in English and Indonesian. 
588 |a Description based on: Vol. 1, no. 1 (Juni 2014); title from jpg cover (publisher's website, viewed August 1, 2018). 
588 |a Latest issue consulted: Vol. 4, no. 2 (Decenber 2017) (viewed August 1, 2018). 
650 0 |a Nutrition  |z Indonesia  |v Periodicals. 
650 0 |a Dietetics  |z Indonesia  |v Periodicals. 
650 7 |a Dietetics.  |2 fast  |0 (OCoLC)fst00893353 
650 7 |a Nutrition.  |2 fast  |0 (OCoLC)fst01042187 
651 7 |a Indonesia.  |2 fast  |0 (OCoLC)fst01209242 
655 0 |a Electronic journals. 
710 2 |a Universitas Brawijaya.  |b Jurusan Gizi. 
710 2 |a Persatuan Ahli Gizi Indonesia. 
776 0 8 |i Print version:  |t Indonesian Journal of Human Nutrition  |x 2442-6636 
856 4 0 |z Full text available from Research Library: 01/01/2014 to present  |u https://search.proquest.com/publication/2048000